000 00367nam a22001097a 4500
008 230606b xxu||||| |||| 00| 0 eng d
082 _a350.72
_bGOK
110 _bGovernment of kenya in collaboration with UNDP, Kenya
245 _aAchieving millennium development goals in kenya
_bA needs assessment and costing Repart
_cNeeds and Costs
300 _a238p
942 _2ddc
_cBK
999 _c633
_d633